Statistiques concernant verreries de laboratoire

Cliquez ici pour prendre le quiz!

Statistiques générales

  • Ce quiz a été pris 74 fois
  • Le résultat moyen est 8 sur 20

Statistiques - réponses

Réponse% Correct
bécher
98%
erlenmeyer
86%
tube à essai
79%
spatule
75%
burette
74%
éprouvette
61%
fiole jaugée
51%
thermomètre
46%
ampoule à décanter
44%
pipette pasteur
32%
cristallisoir
23%
ballon bicol
19%
ballon tricol
19%
réfrigérant à boule
16%
fiole à vide
14%
agitateur en verre
12%
ballon monocol
11%
réfrigérant droit
9%
ampoule de coulée
7%
dean stark
5%

Distribution des résultats

Percentile par nombre de réponses

% des personnes avec chaque résultat

Votre développement - résultats

Vous n’avez pas pris ce quiz